Регионална библиотека "Любен Каравелов" - Русе

Тучка (Запис номер 139353)

MARC детайли
000 -Лидер
Контролно поле с фиксирана дължина 01462nam a2200361 c 4500
003 - Код на организацията, давaща контролен номер
Контролно поле BLK
005 - Дата и час на последна редакция
Контролно поле 20231102005219.0
008 - Елементи от данни с фиксирана дължина
fixed length control field 180409b bul|||||r ||||||| ||bul||
010 ## - Наследен системен номер
LC control number KNG00145397000
040 ## - Източник на каталожния запис
Идентификатор на билиотеката - собственик на записа BLK
041 ## - Код за език
Код за езика на текст/звукозапис или на отделно заглавие Руски
Код за езика КДБФ Руски
080 ## - УДК
Текстов определител УДК Българска литература
УДК код - определител по УДК 821.163.2
УДК определител -93-1
УДК - код + определител 821.163.2-93-1
100 1# - Редна дума - Автор
Автор Димитрова, Лилия
Авторска отговорност първи автор
R(LIN) 279604
139 ## - Редно поле
Редна дума Димитрова, Лилия
Авторски знак Дими - Д 58
245 10 - Сведения за заглавието
Заглавие Тучка
Подзаглавни данни Стихи
Редно поле (дума) Лилия Димитрова; пер. с болг. Валентин Арсеньев; ил. Тодор Крыстев; * Тодор Кръстев.
257 ## - Страна на издаване
Страна на създаване/издаване България
260 ## - Област на издателските данни
-- София
Име на издателя, разпространителя и проч. Болг. писатель
Година на издаване 1968
300 ## - Физическа характеристика
Страници 16 с.
Илюстрации и др. с ил.
Размери/Мащаб 11 см
380 ## - Жанр
Жанр Детска худож. лит.
490 1# - СЕРИИ (Колекции)
Име на серия Библиотека Детский мир
500 ## - Общи забележки
Забележка 50 000 тир.
653 ## - Ключова дума – ненормативна
Ключова дума детска литература
653 ## - Ключова дума – ненормативна
Ключова дума литература за деца
700 1# - Други автори (авторска отговорност)
Лично име Арсеньев, Валентин
9 (RLIN) 420667
700 1# - Други автори (авторска отговорност)
Лично име Крыстев, Тодор
Автороска отговорност (Описва отношението между автора и произведението) ил.
9 (RLIN) 379250
700 ## - Други автори (авторска отговорност)
Лично име Кръстев, Тодор
Друга информация Стоянов, Тодор Кръстев
Автороска отговорност (Описва отношението между автора и произведението) *
9 (RLIN) 249110
852 ## - Местоположение
Форматна сигнатура Цб І 34700
856 4# - Електронен адрес и достъп
Електронен формат pdf - файл
Път до файла /url/
856 4# - Електронен адрес и достъп
Електронен формат pdf - файл
Път до файла /url/
942 ## - АРТИКУЛИ
Вид на библиотечния материал Книги
Скрит в OPAC Не
944 ## - СЪЗДАВАНЕ И РЕДАКЦИЯ на ЗАПИСА
Създаване/Редакция Създаване
Дата на регистрацията/редакция 10.07.2013
Статус, дата на статуса CRON CRON
Служител, извършил регистрацията/редакцията
944 ## - СЪЗДАВАНЕ И РЕДАКЦИЯ на ЗАПИСА
Създаване/Редакция Редакция
Дата на регистрацията/редакция 10.07.2013
Статус, дата на статуса 10.07.2013 - от С1,Р / 10.07.2013
Служител, извършил регистрацията/редакцията
999 ## - СИСТЕМНИ КОНТРОЛНИ НОМЕРА
Koha biblionumber 139353
Koha biblioitemnumber 139353
Наличности
Код за отписване Код за изгубен артикул Източник на класификационната схема Код за повреда Коз за рестрикции Код за отдаване Артикулен № Име на библиотеката - собственик Име на библиотеката, в която се намира в момента Статус (Текущо местоположение) Дата на вписване в системата Местоположение - отдел Цена в лева Инвентарен номер Систематично азбучна сигнатура Баркод Номер на екземпляра Цена в евро Служебна бележка Служебен тип на артикула
  Не е изгубен Universal Decimal Classification Не е повреден без рестрикции ползва се в читалня 228056 Регионална библиотека "Любен Каравелов" Русе Регионална библиотека "Любен Каравелов" Русе Хранилище 1968-01-01 Хранилище 0.03 5597/68 Цб І 34700 900000022638 1 0.02 Дост: Dp Вид: Д N: стар фонд Дата: 01.01.1968 Книги
Vip Innovations Ltd, Rousse, Bulgaria 2025